Statystyki dla Pierwiastki chemiczne po symbolach

Kliknij tutaj aby rozwiązać quiz!

Ogólne statystyki

  • Ten quiz został rozwiązany 499 razy
  • Średni wynik to 61 z 118

Statystyki odpowiedzi

SymbolPierwiastek% Poprawnych
Hwodór
99%
Hehel
98%
Mgmagnez
97%
Otlen
97%
Lilit
96%
Ssiarka
96%
Cwęgiel
96%
Nazot
95%
Kpotas
94%
Feżelazo
92%
Clchlor
91%
Beberyl
90%
Brbrom
90%
Zncynk
90%
Pfosfor
90%
Nasód
89%
Ffluor
88%
Cawapń
88%
Sikrzem
87%
Auzłoto
87%
Alglin
86%
Cumiedź
85%
Agsrebro
82%
Mnmangan
81%
Ninikiel
80%
Neneon
78%
Bbor
77%
Arargon
76%
Hgrtęć
76%
Babar
75%
Sncyna
75%
Pbołów
75%
Crchrom
74%
Rarad
73%
Gagal
71%
Popolon
69%
Ijod
68%
Cokobalt
68%
Seselen
68%
Titytan
68%
Uuran
67%
Xeksenon
66%
Gegerman
62%
Krkrypton
62%
Asarsen
61%
Vwanad
59%
Yitr
57%
Rbrubid
57%
Ptplatyna
55%
Cscez
54%
Scskand
54%
Eueurop
52%
Frfrans
49%
Bibizmut
48%
Srstront
48%
Wwolfram
47%
Ososm
46%
Npneptun
45%
Nbniob
44%
Pupluton
44%
Amameryk
43%
Pdpallad
43%
Inind
42%
Lalantan
42%
Eseinstein
41%
Tetellur
41%
Iriryd
40%
Momolibden
40%
Tltal
40%
Cdkadm
39%
Sbantymon
37%
Nonobel
37%
Acaktyn
36%
Reren
36%
Tctechnet
36%
Cnkopernik
35%
Atastat
34%
Zrcyrkon
34%
Ruruten
34%
Thtor
34%
Cecer
32%
Rhrod
31%
Mdmendelew
29%
Rnradon
29%
Hfhafn
28%
Ogoganeson
27%
Rfrutherford
27%
Tatantal
27%
Cfkaliforn
26%
Lulutet
26%
Dbdubn
25%
Hshas
25%
Hoholm
25%
Mcmoskow
25%
Bhbohr
24%
Gdgadolin
24%
Cmkiur
24%
Lrlorens
24%
Ndneodym
24%
Rgroentgen
24%
Ybiterb
23%
Prprazeodym
23%
Sgseaborg
23%
Bkberkel
22%
Ererb
22%
Pmpromet
22%
Dsdarmsztadt
20%
Fmferm
20%
Paprotaktyn
20%
Tbterb
20%
Dydysproz
19%
Nhnihon
19%
Smsamar
19%
Tstenes
19%
Tmtul
19%
Lvliwermor
18%
Flflerow
16%
Mtmeitner
16%

Rozkład punktacji

Percentyl według liczby udzielonych odpowiedzi

Procent ludzi z każdym wynikiem

Twoja historia wyników

Nie rozwiązałeś tego quizu